00333pab a2200121 454500008004000000100001900040245007800059260000900137300001300146362001100159650002100170773002000191180718b2013 xxu||||| |||| 00| 0 eng d aTiwari, Sanjay aOvercoming skill deficit: Some strategic initiatives for higher education c2013 ap.21-25. a18 Mar aHigher education aUniversity News